La épica en las literaturas románicas (Record no. 120856)

MARC details
000 -LEADER
campo de control de longitud fija 00555nam a2200169 4500
001 - NÚMERO DE CONTROL
campo de control 120856
003 - IDENTIFICADOR DE NÚMERO DE CONTROL
campo de control ES-MaACL
005 - FECHA Y HORA DE LA ÚLTIMA TRANSACCIÓN
campo de control 20230906191633.0
007 - CAMPO FIJO DE DESCRIPCIÓN FÍSICA--INFORMACIÓN GENERAL
campo de control de longitud fija t|
008 - DATOS DE LONGITUD FIJA--INFORMACIÓN GENERAL
campo de control de longitud fija 070214s1973 sp r ||||1| spa d
100 1# - ENTRADA PRINCIPAL--NOMBRE DE PERSONA
Nombre de persona Pollmann, Leo.
9 (RLIN) 92846
245 13 - MENCIÓN DEL TÍTULO
Título La épica en las literaturas románicas
Resto del título : pérdida y cambios /
Mención de responsabilidad, etc. Leo Pollmann ; traducción del alemán por Abelardo Moralejo Laso.
260 ## - PUBLICACIÓN, DISTRIBUCIÓN, ETC.
Lugar de publicación, distribución, etc. Barcelona :
Nombre del editor, distribuidor, etc. Planeta,
Fecha de publicación, distribución, etc. 1973.
300 ## - DESCRIPCIÓN FÍSICA
Extensión 261 p. ;
Dimensiones 22 cm.
700 1# - ENTRADA AGREGADA--NOMBRE PERSONAL
Nombre de persona Moralejo Laso, Abelardo.
9 (RLIN) 82968
852 ## - LOCALIZACIÓN
Ubicación ES-MaACL
Número de control de estantería C-54744
Sublocalización o colección R.87391
Holdings
Estatus retirado Estado de pérdida Estado de daño No para préstamo Biblioteca de origen Biblioteca actual Ubicación en estantería Fecha de adquisición Fuente de adquisición Total de préstamos Signatura topográfica completa Código de barras Visto por última vez Precio de reemplazo Tipo de ítem Koha
        Biblioteca del Ateneo de Madrid Biblioteca del Ateneo de Madrid Depósito 2 17/01/2008     C-54744 1125964 23/02/2023 23/02/2023 Libro impreso